000 00461nam a2200133Ia 4500
008 100328s9999 xx 000 0 und d
082 _b40599
100 _aवरेरकर भार्गवराम विठ्ठल-अनु.
245 _aअनुपमेचं प्रेम
260 _bसदाभिरुचि
630 _aअनुपमेचं प्रेम
730 _aअनुपमेचं प्रेम
942 _cBOOK
999 _c529308
_d529305